[Event "1. Bundesliga 2010/2011"]
[Site "Graz"]
[Date "2010.11.19"]
[Round "1"]
[Board "5"]
[White "Rumpl, Erwin"]
[Black "Stagl, Marco"]
[Result "1-0"]
[WhiteElo "2326"]
[BlackElo "2111"]
[PlyCount "151"]
[EventDate "2010.11.19"]
[EventType "team"]
[EventRounds "11"]
[EventCountry "AUT"]
[WhiteTeam "ASVOE VHS Poechlarn"]
[BlackTeam "Styria Graz"]

1.Nf3 d5 2.d4 c6 3.c4 dxc4 4.e3 Be6 5.Nc3 b5 6.Be2 Nf6 7.O-O g6 8.a4 b4 9.Nb1
Bg7 10.Nbd2 O-O 11.Nxc4 a5 12.b3 Nbd7 13.Bb2 c5 14.Rc1 Rc8 15.Re1 cxd4 16.Nxd4
Bxc4 17.Bxc4 Ne4 18.Ne6 fxe6 19.Bxe6+ Kh8 20.Rxc8 Qxc8 21.Bxd7 Nc3 22.Bxc8 Nxd1
23.Bxg7+ Kxg7 24.Rxd1 Rxc8 25.g3 Rc3 26.Rd5 Rxb3 27.Rxa5 Ra3 28.Ra7 Kf6 29.a5 b3
30.Rb7 Rxa5 31.Rxb3 Ra2 32.Kg2 h5 33.h4 Kf5 34.Kf3 Ra4 35.Rb8 Kf6 36.Rf8+ Kg7
37.Rf4 Ra2 38.Ke4 Ra5 39.Kf3 Ra2 40.Rb4 Kf6 41.Rb6+ e6 42.Rb3 Rc2 43.Ra3 Rb2
44.e4 e5 45.Ra6+ Kf7 46.Rd6 Rb3+ 47.Ke2 Rb2+ 48.Ke3 Rb3+ 49.Rd3 Rb1 50.Rc3 Re1+
51.Kd3 Rf1 52.Ke2 Ra1 53.Rd3 Ra2+ 54.Ke3 Ra1 55.f4 exf4+ 56.Kxf4 Re1 57.Re3 Ra1
58.Kg5 Ra4 59.Kh6 Ra6 60.Rf3+ Ke7 61.Kg7 Re6 62.Rf7+ Ke8 63.Rf6 Rxe4 64.Rxg6 Ke7
65.Kh6 Kf7 66.Kxh5 Re5+ 67.Rg5 Re6 68.Kg4 Kf6 69.Rf5+ Kg6 70.Rf4 Re5 71.Ra4 Re6
72.Kf3 Rb6 73.g4 Rb1 74.Ra6+ Kg7 75.h5 Rh1 76.Kf4

[Event "1. Bundesliga 2010/2011"]
[Site "Graz"]
[Date "2010.11.19"]
[Round "1"]
[Board "1"]
[White "Prusikin, Michael"]
[Black "Stocek, Jiri"]
[Result "0-1"]
[WhiteElo "2541"]
[BlackElo "2580"]
[PlyCount "72"]
[EventDate "2010.11.19"]
[EventType "team"]
[EventRounds "11"]
[EventCountry "AUT"]
[WhiteTeam "Wuestenrot SIR Salzburg"]
[BlackTeam "ASVOE SK Lackenbach"]

1.d4 Nf6 2.c4 e6 3.Nf3 Bb4+ 4.Nbd2 O-O 5.a3 Be7 6.e4 d5 7.e5 Nfd7 8.b4 a5 9.b5
c6 10.cxd5 exd5 11.Qc2 h6 12.Rb1 a4 13.Bd3 c5 14.O-O cxd4 15.Re1 Nc5 16.Nxd4
Nxd3 17.Qxd3 Nd7 18.h3 Nc5 19.Qe2 Qb6 20.N2f3 Bxh3 21.gxh3 Qg6+ 22.Kh2 Qxb1
23.Bxh6 Qd3 24.Qxd3 Nxd3 25.Rg1 g6 26.Bxf8 Kxf8 27.Nc2 Nxf2 28.e6 Bd6+ 29.Kg2
Nd3 30.exf7 Nf4+ 31.Kh1 Kxf7 32.Rd1 Rc8 33.Ne3 Bxa3 34.Rd4 Rc1+ 35.Kh2 Bd6
36.Rxa4 Rc3

[Event "1. Bundesliga 2010/2011"]
[Site "Graz"]
[Date "2010.11.19"]
[Round "1"]
[Board "2"]
[White "Markos, Jan"]
[Black "Bromberger, Stefan"]
[Result "1-0"]
[WhiteElo "2546"]
[BlackElo "2519"]
[PlyCount "69"]
[EventDate "2010.11.19"]
[EventType "team"]
[EventRounds "11"]
[EventCountry "AUT"]
[WhiteTeam "ASVOE SK Lackenbach"]
[BlackTeam "Wuestenrot SIR Salzburg"]

1.d4 Nf6 2.c4 e6 3.Nc3 Bb4 4.Nf3 b6 5.Bg5 Bb7 6.Qc2 h6 7.Bh4 g5 8.Bg3 Ne4 9.Nd2
f5 10.Ndxe4 Bxe4 11.Qb3 Bxc3+ 12.Qxc3 f4 13.f3 fxg3 14.fxe4 e5 15.e3 gxh2 16.Be2
O-O 17.Rxh2 Qf6 18.dxe5 Qg7 19.e6 Nc6 20.exd7 Rad8 21.O-O-O Qxc3+ 22.bxc3 Kg7
23.Bg4 Ne5 24.Bf5 Nxc4 25.Rh3 Nd6 26.g4 Nc4 27.Rd4 Nd6 28.Rh1 Rf7 29.Rhd1 Nxf5
30.exf5 Re7 31.R1d3 Kf6 32.e4 Kg7 33.Rh3 Rexd7 34.Rxd7+ Rxd7 35.e5

[Event "1. Bundesliga 2010/2011"]
[Site "Graz"]
[Date "2010.11.19"]
[Round "1"]
[Board "4"]
[White "Vavrak, Peter"]
[Black "Grafl, Florian"]
[Result "1-0"]
[WhiteElo "2466"]
[BlackElo "2398"]
[PlyCount "73"]
[EventDate "2010.11.19"]
[EventType "team"]
[EventRounds "11"]
[EventCountry "AUT"]
[WhiteTeam "ASVOE SK Lackenbach"]
[BlackTeam "Wuestenrot SIR Salzburg"]

1.d4 f5 2.g3 Nf6 3.Bg2 e6 4.Nf3 Be7 5.O-O O-O 6.c4 d6 7.b4 Ne4 8.Bb2 a5 9.a3
axb4 10.axb4 Rxa1 11.Bxa1 c5 12.Nfd2 Nxd2 13.Qxd2 Bf6 14.e3 Nc6 15.b5 Na5 16.Qd3
Qc7 17.Nd2 cxd4 18.exd4 b6 19.Re1 Bd7 20.Bc3 Rc8 21.Bxa5 bxa5 22.c5 dxc5 23.dxc5
Be8 24.c6 Rd8 25.Qb3 a4 26.Qb4 Be7 27.Qc4 Bf7 28.Nf3 e5 29.Qxa4 e4 30.Nd4 g6
31.Rc1 Bg5 32.Rc2 Bf6 33.b6 Qxb6 34.c7 Rc8 35.Qd7 Qb7 36.Nb5 Be5 37.Bf1

[Event "1. Bundesliga 2010/2011"]
[Site "Graz"]
[Date "2010.11.19"]
[Round "1"]
[Board "5"]
[White "Pitl, Gregory"]
[Black "Bokros, Albert"]
[Result "1/2-1/2"]
[WhiteElo "2376"]
[BlackElo "2498"]
[PlyCount "65"]
[EventDate "2010.11.19"]
[EventType "team"]
[EventRounds "11"]
[EventCountry "AUT"]
[WhiteTeam "Wuestenrot SIR Salzburg"]
[BlackTeam "ASVOE SK Lackenbach"]

1.d4 Nf6 2.c4 e6 3.g3 d5 4.Bg2 Bb4+ 5.Bd2 Be7 6.Nf3 O-O 7.O-O c6 8.Qc2 b6 9.Bf4
Ba6 10.Nbd2 Nbd7 11.e4 Rc8 12.e5 Ne8 13.Rfc1 Nc7 14.cxd5 Nxd5 15.Ne4 Nxf4
16.gxf4 g6 17.Rd1 Qc7 18.h4 Rfd8 19.Rac1 Qb8 20.h5 c5 21.hxg6 hxg6 22.d5 exd5
23.Nc3 Bb7 24.Nxd5 Bxd5 25.Rxd5 Nf8 26.Rxd8 Rxd8 27.f5 gxf5 28.Qxf5 Qc8 29.Qxc8
Rxc8 30.Nd4 Bg5 31.Rc4 Rd8 32.Nc6 Rd1+ 33.Bf1

[Event "1. Bundesliga 2010/2011"]
[Site "Graz"]
[Date "2010.11.19"]
[Round "1"]
[Board "6"]
[White "Hagara, Eduard"]
[Black "Guramishvili, Sopiko"]
[Result "1-0"]
[WhiteElo "2407"]
[BlackElo "2334"]
[PlyCount "135"]
[EventDate "2010.11.19"]
[EventType "team"]
[EventRounds "11"]
[EventCountry "AUT"]
[WhiteTeam "ASVOE SK Lackenbach"]
[BlackTeam "Wuestenrot SIR Salzburg"]

1.e4 c5 2.Nf3 d6 3.d4 cxd4 4.Nxd4 Nf6 5.Nc3 a6 6.Be3 e5 7.Nb3 Be6 8.f4 Ng4 9.Bd2
exf4 10.Bxf4 Nd7 11.Qd2 Nge5 12.O-O-O Be7 13.Kb1 O-O 14.h3 Re8 15.g4 b5 16.Nd5
Bxd5 17.exd5 Bf8 18.g5 Nb6 19.h4 Nbc4 20.Qg2 a5 21.Nd4 a4 22.a3 Qb6 23.c3 Rac8
24.Rh3 Rc5 25.h5 Qb7 26.Nc2 Qd7 27.Be2 Rec8 28.Bc1 Qb7 29.Ka2 Be7 30.g6 fxg6
31.hxg6 h6 32.Bg4 Nxg4 33.Qxg4 Bf8 34.Qe6+ Kh8 35.Bg5 Ne5 36.Ne3 Qd7 37.Nf5 Qxe6
38.dxe6 Nxg6 39.Rf1 Re5 40.Nxh6 gxh6 41.Bf6+ Kh7 42.Bxe5 Nxe5 43.Rh4 Be7 44.Rb4
Rc5 45.c4 Rxc4 46.Rxb5 Kg6 47.Rb8 Re4 48.Rg8+ Kh7 49.Ra8 Bg5 50.Rd1 Be7 51.Rf1
Kg6 52.Rg8+ Kh7 53.Ra8 Kg6 54.Rg8+ Kh7 55.Rfg1 Bg5 56.e7 Nf3 57.R1xg5 Rxe7
58.Rg3 Ng5 59.Rb8 Ne4 60.Re3 d5 61.Rb4 Ra7 62.Rd3 Ra5 63.Rbd4 Nf6 64.b3 axb3+
65.Kxb3 Kg6 66.Kb4 Ra8 67.a4 Kf5 68.Re3

[Event "1. Bundesliga 2010/2011"]
[Site "Graz"]
[Date "2010.11.20"]
[Round "2"]
[Board "1"]
[White "Volokitin, Andrei"]
[Black "Stocek, Jiri"]
[Result "1/2-1/2"]
[WhiteElo "2677"]
[BlackElo "2580"]
[PlyCount "93"]
[EventDate "2010.11.19"]
[EventType "team"]
[EventRounds "11"]
[EventCountry "AUT"]
[WhiteTeam "SK Sparkasse Jenbach"]
[BlackTeam "ASVOE SK Lackenbach"]

1.e4 c5 2.Nf3 d6 3.d4 cxd4 4.Nxd4 Nf6 5.Nc3 e6 6.g4 h6 7.h4 Nc6 8.Rg1 d5 9.exd5
Nxd5 10.Nxd5 exd5 11.Be3 Be7 12.Qd2 Bxh4 13.O-O-O O-O 14.Nf5 Bg5 15.Bxg5 Qxg5
16.Qxg5 hxg5 17.Rxd5 Re8 18.Bb5 Be6 19.Rc5 Bxf5 20.Bxc6 bxc6 21.gxf5 Rad8 22.Rd1
Rb8 23.a4 Re2 24.Rf1 Re4 25.b3 Rf4 26.Rxc6 Rxf5 27.Rd6 Rb4 28.Rd3 Rbf4 29.c4 g4
30.Rd8+ Kh7 31.Rd5 Rxd5 32.cxd5 Rd4 33.Rd1 Rxd1+ 34.Kxd1 Kg6 35.Kd2 Kf5 36.Kd3
Ke5 37.Kc4 Kd6 38.b4 f5 39.b5 f4 40.Kd4 g3 41.fxg3 fxg3 42.Ke3 Kxd5 43.a5 Kc5
44.b6 axb6 45.axb6 Kxb6 46.Kf3 Kc6 47.Ke4

[Event "1. Bundesliga 2010/2011"]
[Site "Graz"]
[Date "2010.11.20"]
[Round "2"]
[Board "2"]
[White "Markos, Jan"]
[Black "Gustafsson, Jan"]
[Result "1-0"]
[WhiteElo "2546"]
[BlackElo "2647"]
[PlyCount "93"]
[EventDate "2010.11.19"]
[EventType "team"]
[EventRounds "11"]
[EventCountry "AUT"]
[WhiteTeam "ASVOE SK Lackenbach"]
[BlackTeam "SK Sparkasse Jenbach"]

1.d4 Nf6 2.c4 g6 3.Nc3 d5 4.Nf3 Bg7 5.cxd5 Nxd5 6.e4 Nxc3 7.bxc3 c5 8.Rb1 O-O
9.Be2 b6 10.O-O Bb7 11.Qd3 e6 12.Bg5 Qc7 13.Qe3 Nd7 14.e5 a6 15.h4 Qc6 16.Rfd1
Rac8 17.h5 b5 18.h6 Bh8 19.Be7 Rfe8 20.Bd6 f6 21.Nh4 Qe4 22.Bf3 Qxe3 23.fxe3 Bd5
24.dxc5 Bxf3 25.Nxf3 Nxc5 26.Bxc5 Rxc5 27.Rd7 fxe5 28.Ng5 e4 29.Nxe4 Re5 30.Nd6
Rd5 31.c4 bxc4 32.Rbb7 Rf8 33.Nxc4 Rxd7 34.Rxd7 Bf6 35.Nd6 Be5 36.Ne4 Bb2 37.Rc7
Be5 38.Rc6 Rf5 39.Rxe6 Rh5 40.g4 Bh2+ 41.Kg2 Rxh6 42.Ng5 Kf8 43.Nf3 Bc7 44.Rxa6
Ke7 45.e4 Bf4 46.e5 Kf7 47.Rf6+

[Event "1. Bundesliga 2010/2011"]
[Site "Graz"]
[Date "2010.11.20"]
[Round "2"]
[Board "3"]
[White "Gyimesi, Zoltan"]
[Black "Varga, Zoltan"]
[Result "1-0"]
[WhiteElo "2601"]
[BlackElo "2437"]
[PlyCount "67"]
[EventDate "2010.11.19"]
[EventType "team"]
[EventRounds "11"]
[EventCountry "AUT"]
[WhiteTeam "SK Sparkasse Jenbach"]
[BlackTeam "ASVOE SK Lackenbach"]

1.d4 d5 2.c4 c6 3.Nf3 e6 4.Qc2 Nf6 5.Bg5 h6 6.Bxf6 Qxf6 7.Nbd2 Qd8 8.g3 g6 9.Bg2
Bg7 10.O-O O-O 11.e4 Nd7 12.Rad1 dxe4 13.Nxe4 Qc7 14.c5 Rd8 15.Nd6 Bf8 16.Nxf7
Kxf7 17.Nh4 Bg7 18.Qxg6+ Kf8 19.Qxe6 Ne5 20.Qb3 Nf7 21.Ng6+ Kg8 22.Rfe1 Bf6
23.d5 Bg4 24.Bf3 Qc8 25.d6 Qf5 26.Ne7+ Bxe7 27.Bxg4 Qxg4 28.Rxe7 Rf8 29.Rde1 b6
30.R1e4 Qh5 31.Qe6 bxc5 32.Rg4+ Kh7 33.Qe4+ Kh8 34.Qf3

[Event "1. Bundesliga 2010/2011"]
[Site "Graz"]
[Date "2010.11.20"]
[Round "2"]
[Board "4"]
[White "Vavrak, Peter"]
[Black "Schlosser, Philipp"]
[Result "0-1"]
[WhiteElo "2466"]
[BlackElo "2568"]
[PlyCount "99"]
[EventDate "2010.11.19"]
[EventType "team"]
[EventRounds "11"]
[EventCountry "AUT"]
[WhiteTeam "ASVOE SK Lackenbach"]
[BlackTeam "SK Sparkasse Jenbach"]

1.d4 Nf6 2.c4 e6 3.Nf3 b6 4.g3 Ba6 5.Qc2 Bb7 6.Bg2 c5 7.O-O cxd4 8.Nxd4 Bxg2
9.Kxg2 Be7 10.Rd1 O-O 11.b3 Qc7 12.Qd3 Nc6 13.Bb2 Ne5 14.Qd2 a6 15.Nc3 Qb7+
16.Kg1 Rfd8 17.Qe3 d6 18.Rac1 Rac8 19.Ba3 Bf8 20.Bb2 Rd7 21.a4 Nc6 22.Nxc6 Rxc6
23.Ne4 Nxe4 24.Qxe4 b5 25.axb5 axb5 26.Qd4 bxc4 27.bxc4 Rdc7 28.Ba3 Qc8 29.Qe3
h6 30.Ra1 Ra6 31.Rdc1 Rxc4 32.Rxc4 Qxc4 33.Rc1 Qa4 34.Rc3 Ra5 35.Qc1 Rd5 36.Qc2
Rd1+ 37.Kg2 Qa8+ 38.e4 Rd4 39.f3 Qa6 40.e5 dxe5 41.Bxf8 Kxf8 42.Rc6 Qa1 43.f4
exf4 44.gxf4 Qd1 45.Rc8+ Ke7 46.Qc5+ Kf6 47.Qe5+ Kg6 48.f5+ Kh7 49.fxe6 Qg4+
50.Kf2

[Event "1. Bundesliga 2010/2011"]
[Site "Graz"]
[Date "2010.11.20"]
[Round "2"]
[Board "5"]
[White "Boensch, Uwe"]
[Black "Bokros, Albert"]
[Result "1-0"]
[WhiteElo "2520"]
[BlackElo "2498"]
[PlyCount "65"]
[EventDate "2010.11.19"]
[EventType "team"]
[EventRounds "11"]
[EventCountry "AUT"]
[WhiteTeam "SK Sparkasse Jenbach"]
[BlackTeam "ASVOE SK Lackenbach"]

1.d4 d5 2.c4 e6 3.Nc3 Bb4 4.e3 Nf6 5.Nf3 O-O 6.Bd3 c5 7.a3 Bxc3+ 8.bxc3 dxc4
9.Bxc4 b6 10.O-O Qc7 11.Qe2 Bb7 12.Bb2 Nbd7 13.Rac1 Rac8 14.Nd2 Ne4 15.Nxe4 Bxe4
16.f3 Bd5 17.Bd3 Bb3 18.c4 Ba4 19.f4 cxd4 20.exd4 Rfe8 21.Qg4 f5 22.Qg3 Nf6
23.d5 Ne4 24.Bxe4 fxe4 25.d6 Qd7 26.Be5 Rf8 27.Rc3 Bc6 28.Rfc1 Qf7 29.c5 b5
30.Qh4 Qf5 31.Rg3 g6 32.Qh6 Qf7 33.h4

[Event "1. Bundesliga 2010/2011"]
[Site "Graz"]
[Date "2010.11.20"]
[Round "2"]
[Board "6"]
[White "Hagara, Eduard"]
[Black "Lehner, Oliver"]
[Result "0-1"]
[WhiteElo "2407"]
[BlackElo "2431"]
[PlyCount "146"]
[EventDate "2010.11.19"]
[EventType "team"]
[EventRounds "11"]
[EventCountry "AUT"]
[WhiteTeam "ASVOE SK Lackenbach"]
[BlackTeam "SK Sparkasse Jenbach"]

1.e4 c6 2.d4 d5 3.e5 Bf5 4.Nf3 e6 5.Be2 c5 6.Be3 cxd4 7.Nxd4 Ne7 8.c4 Nbc6 9.Qa4
dxc4 10.Nc3 a6 11.O-O-O Qa5 12.Qxa5 Nxa5 13.Nxf5 Nxf5 14.Bb6 Nc6 15.Bxc4 Nxe5
16.Bb3 Bb4 17.f4 Nc6 18.g4 Nfe7 19.f5 exf5 20.gxf5 Rc8 21.Rhf1 O-O 22.f6 gxf6
23.Rxf6 Na5 24.Bc2 Nc4 25.Bd4 Rfd8 26.Ne4 Ng6 27.h4 Nd2 28.Bb6 Nxe4 29.Bxd8 Nxf6
30.Bxf6 Be7 31.Bxe7 Nxe7 32.Rd7 Nc6 33.Kb1 Re8 34.Rd1 h6 35.a3 Rd8 36.Rg1+ Kf8
37.Rf1 Rd6 38.Bb3 Ne5 39.Rf5 f6 40.h5 Ke7 41.Rf4 b6 42.Bc2 Rd5 43.Re4 a5 44.b4
axb4 45.axb4 Rd2 46.Rf4 Rh2 47.Bg6 Nxg6 48.hxg6 Rg2 49.Rh4 Rxg6 50.Kc2 f5 51.Kd3
Kf6 52.Rh1 Ke5 53.Re1+ Kd5 54.Re8 Rf6 55.Rc8 f4 56.Ke2 f3+ 57.Kf2 Kd4 58.Rc1 h5
59.Rc8 Rf5 60.Rc6 Rb5 61.Kxf3 Rxb4 62.Rh6 Rb5 63.Kf4 Kd3 64.Kg3 Rb2 65.Rxh5 b5
66.Kf3 b4 67.Rh8 Rc2 68.Rb8 Kc3 69.Ke3 b3 70.Rb7 Kb2 71.Kd3 Rc8 72.Rb6 Rd8+
73.Kc4 Kc2

[Event "1. Bundesliga 2010/2011"]
[Site "Graz"]
[Date "2010.11.20"]
[Round "2"]
[Board "1"]
[White "Teske, Henrik"]
[Black "Prusikin, Michael"]
[Result "1/2-1/2"]
[WhiteElo "2525"]
[BlackElo "2541"]
[PlyCount "87"]
[EventDate "2010.11.19"]
[EventType "team"]
[EventRounds "11"]
[EventCountry "AUT"]
[WhiteTeam "Styria Graz"]
[BlackTeam "Wuestenrot SIR Salzburg"]

1.e4 e5 2.Nf3 Nc6 3.Bb5 a6 4.Ba4 Nf6 5.O-O Be7 6.Nc3 b5 7.Bb3 d6 8.a4 b4 9.Nd5
Na5 10.Ba2 c5 11.c3 Rb8 12.d4 b3 13.Bb1 Nc6 14.dxc5 dxc5 15.Be3 Be6 16.c4 Nd7
17.Bd3 O-O 18.Ra3 Nd4 19.Nd2 Bxd5 20.exd5 f5 21.Nxb3 e4 22.Be2 Nxb3 23.Rxb3 Bd6
24.f4 Qf6 25.Bc1 Rxb3 26.Qxb3 Rb8 27.Qc2 g6 28.g3 Bf8 29.b3 Bg7 30.Kg2 Qb6
31.Bd1 Bd4 32.Bd2 Nf6 33.Be1 e3 34.Qe2 Re8 35.Bc2 Kf7 36.Qd3 e2 37.Rf3 Ng4
38.Qd2 Qf6 39.Bd3 Qe7 40.h3 Ne3+ 41.Kh1 Nd1 42.Bc2 Qf6 43.d6 Qxd6 44.Bxd1

[Event "1. Bundesliga 2010/2011"]
[Site "Graz"]
[Date "2010.11.20"]
[Round "2"]
[Board "2"]
[White "Bromberger, Stefan"]
[Black "Nanu, Ciprian Costica"]
[Result "0-1"]
[WhiteElo "2519"]
[BlackElo "2515"]
[PlyCount "128"]
[EventDate "2010.11.19"]
[EventType "team"]
[EventRounds "11"]
[EventCountry "AUT"]
[WhiteTeam "Wuestenrot SIR Salzburg"]
[BlackTeam "Styria Graz"]

1.d4 Nf6 2.c4 e6 3.Nc3 Bb4 4.Qc2 c5 5.dxc5 O-O 6.a3 Bxc5 7.Nf3 b6 8.Bf4 Bb7
9.Rd1 Nh5 10.Bg5 Be7 11.Bc1 a6 12.e4 Qc7 13.Be3 d6 14.Be2 Nd7 15.O-O Rac8 16.Qb1
Nhf6 17.h3 Nc5 18.Nd2 Qb8 19.b4 Ncd7 20.Bf4 Qa8 21.Rfe1 b5 22.Qb3 bxc4 23.Nxc4
d5 24.Nd6 e5 25.Nxc8 Rxc8 26.Nxd5 Bxd5 27.exd5 exf4 28.d6 Bf8 29.Bc4 Rd8
30.Bxf7+ Kh8 31.Qc3 Nb8 32.Re6 Nbd7 33.Qd4 f3 34.g4 h6 35.h4 Nh7 36.g5 Qb7
37.Re7 hxg5 38.hxg5 Qb5 39.Qd5 Nxg5 40.Qxb5 axb5 41.Bg6 Nf6 42.Rb7 Nh3+ 43.Kf1
Nf4 44.Bb1 Bxd6 45.Rxb5 g6 46.Rg5 Kg7 47.Rg3 Rc8 48.Rxf3 Ng4 49.Rg3 Ne5 50.Be4
Nc4 51.Bb7 Rc7 52.Ba6 Nd2+ 53.Kg1 Rc2 54.Bd3 Ra2 55.Bf1 Bb8 56.Rc1 Kh6 57.Rgc3
Ne4 58.R3c2 Rxa3 59.Re1 Ng5 60.Rb1 Ba7 61.b5 Bb6 62.Bg2 Rg3 63.Kf1 Rxg2 64.Rb4
Ngh3

[Event "1. Bundesliga 2010/2011"]
[Site "Graz"]
[Date "2010.11.20"]
[Round "2"]
[Board "3"]
[White "Moser, Eva"]
[Black "Drabke, Lorenz"]
[Result "1/2-1/2"]
[WhiteElo "2425"]
[BlackElo "2454"]
[PlyCount "48"]
[EventDate "2010.11.19"]
[EventType "team"]
[EventRounds "11"]
[EventCountry "AUT"]
[WhiteTeam "Styria Graz"]
[BlackTeam "Wuestenrot SIR Salzburg"]

1.e4 c5 2.Nf3 e6 3.c3 Nf6 4.e5 Nd5 5.d4 cxd4 6.cxd4 d6 7.Bc4 Nc6 8.O-O Be7 9.Qe2
O-O 10.Rd1 Bd7 11.Bxd5 exd5 12.Nc3 Be6 13.Bf4 h6 14.Nb5 dxe5 15.Nxe5 Nxe5
16.Bxe5 Qd7 17.Rdc1 a6 18.Rc7 Qxb5 19.Qxb5 axb5 20.Rxe7 Rfc8 21.h3 Rc2 22.b3
Raxa2 23.Rxa2 Rxa2 24.Rxb7 Rd2

[Event "1. Bundesliga 2010/2011"]
[Site "Graz"]
[Date "2010.11.20"]
[Round "2"]
[Board "4"]
[White "Grafl, Florian"]
[Black "Wittmann, Walter"]
[Result "1/2-1/2"]
[WhiteElo "2398"]
[BlackElo "2291"]
[PlyCount "61"]
[EventDate "2010.11.19"]
[EventType "team"]
[EventRounds "11"]
[EventCountry "AUT"]
[WhiteTeam "Wuestenrot SIR Salzburg"]
[BlackTeam "Styria Graz"]

1.e4 c5 2.Nc3 d6 3.f4 Nc6 4.Nf3 g6 5.Bb5 Bd7 6.O-O Bg7 7.d3 Nf6 8.Bc4 O-O 9.Qe1
Nd4 10.Nxd4 cxd4 11.Ne2 b5 12.Bb3 a5 13.a4 Qb6 14.axb5 Bxb5 15.f5 gxf5 16.Ng3 e6
17.exf5 e5 18.Bg5 Bc6 19.Nh5 Nxh5 20.f6 Nxf6 21.Bxf6 Bxf6 22.Rxf6 Qd8 23.Qf2 Ra7
24.Rf1 Kh8 25.Bxf7 Rb7 26.b3 a4 27.bxa4 Bxa4 28.Rf5 Rc7 29.Bb3 Rxf5 30.Qxf5 Bxb3
31.cxb3

[Event "1. Bundesliga 2010/2011"]
[Site "Graz"]
[Date "2010.11.20"]
[Round "2"]
[Board "5"]
[White "Manhardt, Thomas"]
[Black "Pitl, Gregory"]
[Result "0-1"]
[WhiteElo "2136"]
[BlackElo "2376"]
[PlyCount "60"]
[EventDate "2010.11.19"]
[EventType "team"]
[EventRounds "11"]
[EventCountry "AUT"]
[WhiteTeam "Styria Graz"]
[BlackTeam "Wuestenrot SIR Salzburg"]

1.e4 e5 2.Nf3 Nc6 3.Bb5 a6 4.Bxc6 dxc6 5.O-O Be7 6.Nxe5 Qd4 7.Qh5 g6 8.Nf3 Qxe4
9.Nc3 Qf5 10.Qxf5 Bxf5 11.d3 f6 12.Nd4 Bd7 13.Bf4 Rc8 14.Rfe1 Kf7 15.h3 g5
16.Bg3 Nh6 17.Re2 Bc5 18.Rae1 Rhd8 19.Nb3 Bf8 20.Ne4 b6 21.h4 g4 22.d4 Nf5 23.c3
Re8 24.Nc1 c5 25.dxc5 Bb5 26.c4 Bxc4 27.Rd2 Bb5 28.cxb6 cxb6 29.Nd3 Rcd8 30.Red1
Rxd3

[Event "1. Bundesliga 2010/2011"]
[Site "Graz"]
[Date "2010.11.20"]
[Round "2"]
[Board "6"]
[White "Guramishvili, Sopiko"]
[Black "Schriebl, Alexander"]
[Result "1-0"]
[WhiteElo "2334"]
[BlackElo "2073"]
[PlyCount "103"]
[EventDate "2010.11.19"]
[EventType "team"]
[EventRounds "11"]
[EventCountry "AUT"]
[WhiteTeam "Wuestenrot SIR Salzburg"]
[BlackTeam "Styria Graz"]

1.Nf3 f5 2.c4 Nf6 3.d4 g6 4.g3 Bg7 5.Bg2 O-O 6.O-O d6 7.Nc3 Qe8 8.d5 a5 9.Nd4
Na6 10.b3 Bd7 11.Bb2 g5 12.e4 f4 13.Nf5 Bxf5 14.exf5 Qc8 15.Ne2 Nc5 16.Nd4 fxg3
17.fxg3 h6 18.Re1 Rf7 19.Bf3 Bh8 20.Re3 Qf8 21.Ne6 Qc8 22.Nxc5 dxc5 23.Re6 Bg7
24.Qe2 Qd7 25.Re1 Kf8 26.Ba3 b6 27.d6 Re8 28.dxc7 Qxc7 29.Bb2 Rd8 30.Be5 Qa7
31.Rd1 Rxd1+ 32.Qxd1 Qd7 33.Rxb6 Qxd1+ 34.Bxd1 Nd7 35.Bxg7+ Kxg7 36.Rg6+ Kh7
37.Ra6 Rf6 38.Rxa5 Rd6 39.Be2 Kg7 40.a3 Kf6 41.g4 Ke5 42.b4 Rd2 43.Kf1 Kd4
44.Ra6 cxb4 45.axb4 Rb2 46.Ra7 Nf6 47.Rxe7 Rxb4 48.Bf3 Rxc4 49.Re6 Nd5 50.Re4+
Kd3 51.Rxc4 Ne3+ 52.Kf2

[Event "1. Bundesliga 2010/2011"]
[Site "Graz"]
[Date "2010.11.20"]
[Round "2"]
[Board "1"]
[White "Ragger, Markus"]
[Black "Farago, Ivan"]
[Result "1-0"]
[WhiteElo "2614"]
[BlackElo "2448"]
[PlyCount "151"]
[EventDate "2010.11.19"]
[EventType "team"]
[EventRounds "11"]
[EventCountry "AUT"]
[WhiteTeam "SK MPOE Maria Saal"]
[BlackTeam "ASVOE VHS Poechlarn"]

1.d4 Nf6 2.c4 e6 3.Nf3 d5 4.g3 dxc4 5.Bg2 Nc6 6.Qa4 Bb4+ 7.Bd2 Bd6 8.Ne5 O-O
9.Nxc6 bxc6 10.Qxc4 Rb8 11.b3 Nd5 12.O-O c5 13.dxc5 Be5 14.Bc3 Nxc3 15.Nxc3 Qd4
16.Qxd4 Bxd4 17.Rac1 Bxc5 18.Rc2 Ba6 19.Bf3 Rfc8 20.Rd1 Kf8 21.Ne4 Bb6 22.Rdc1
Rd8 23.Nc5 Bc8 24.Nd3 Rd6 25.Ne5 Ba6 26.Nc6 Re8 27.a4 Bb7 28.a5 Bxc6 29.Bxc6
Bxa5 30.Bxe8 Kxe8 31.Kf1 Bb6 32.e3 Rd5 33.Ke2 Rb5 34.Rc3 a5 35.Rd3 h5 36.Rcd1
Ke7 37.Kd2 Kf6 38.Kc2 g6 39.Rc3 g5 40.f3 g4 41.f4 h4 42.e4 Rh5 43.Rd2 Ke7
44.Rcd3 hxg3 45.Rxg3 Rh4 46.e5 f6 47.Kd3 fxe5 48.fxe5 c6 49.Rc2 Bc7 50.Ke4 Rh5
51.Rc5 Rxh2 52.Rxg4 Re2+ 53.Kf4 Rf2+ 54.Ke4 Re2+ 55.Kd3 Rxe5 56.Rxc6 Kd7 57.Ra6
Kc8 58.Rg7 Kb7 59.Rd6 Re1 60.Kd2 Re5 61.Re7 Rb5 62.Rdd7 Rd5+ 63.Rxd5 exd5 64.Re6
Kc8 65.Kd3 Kd7 66.Ra6 Be5 67.Rxa5 Kc6 68.b4 Bd6 69.Ra6+ Kc7 70.b5 Be5 71.Rc6+
Kd7 72.Rc2 Kd6 73.b6 Kd7 74.b7 Bc7 75.Kd4 Kd6 76.Rc5

[Event "1. Bundesliga 2010/2011"]
[Site "Graz"]
[Date "2010.11.20"]
[Round "2"]
[Board "2"]
[White "Tuncer, Ufuk"]
[Black "Pavasovic, Dusko"]
[Result "0-1"]
[WhiteElo "2289"]
[BlackElo "2578"]
[PlyCount "77"]
[EventDate "2010.11.19"]
[EventType "team"]
[EventRounds "11"]
[EventCountry "AUT"]
[WhiteTeam "ASVOE VHS Poechlarn"]
[BlackTeam "SK MPOE Maria Saal"]

1.e4 e5 2.Nf3 Nc6 3.Bb5 a6 4.Ba4 Nf6 5.O-O Be7 6.Re1 b5 7.Bb3 d6 8.c3 O-O 9.h3
Nd7 10.a4 Bb7 11.d4 Bf6 12.d5 Ne7 13.axb5 axb5 14.Rxa8 Qxa8 15.Na3 Ba6 16.Nc2
Nc5 17.Ba2 Bb7 18.Nb4 c6 19.Bg5 Bxg5 20.Nxg5 cxd5 21.Bxd5 Nxd5 22.exd5 h6 23.Ne4
Nxe4 24.Rxe4 f5 25.Re1 f4 26.Qf3 Qe8 27.Nc6 Bc8 28.Nd4 Bd7 29.Qd3 Rf6 30.Kh2 Qc8
31.Ne6 Qb7 32.Ra1 Bxe6 33.dxe6 Rxe6 34.Ra5 e4 35.Qd4 e3 36.fxe3 fxe3 37.Qg4 Qf7
38.Ra8+ Kh7 39.Rf8

[Event "1. Bundesliga 2010/2011"]
[Site "Graz"]
[Date "2010.11.20"]
[Round "2"]
[Board "3"]
[White "Buhmann, Rainer"]
[Black "Kostic, Vladimir"]
[Result "1-0"]
[WhiteElo "2590"]
[BlackElo "2448"]
[PlyCount "94"]
[EventDate "2010.11.19"]
[EventType "team"]
[EventRounds "11"]
[EventCountry "AUT"]
[WhiteTeam "SK MPOE Maria Saal"]
[BlackTeam "ASVOE VHS Poechlarn"]

1.Nf3 d5 2.d4 Bf5 3.c4 e6 4.Nc3 c6 5.Qb3 Qb6 6.c5 Qc7 7.Bf4 Qc8 8.e3 h6 9.Be2
Nf6 10.h3 Be7 11.Qd1 Ne4 12.Nxe4 Bxe4 13.b4 O-O 14.Nd2 Bg6 15.O-O Re8 16.Nb3 Bf6
17.Rc1 Nd7 18.Bd6 Bd8 19.b5 Nf6 20.Be5 Bc7 21.Bxf6 gxf6 22.f4 Qd7 23.bxc6 bxc6
24.Bd3 a5 25.Qc2 Bxd3 26.Qxd3 Kh8 27.Nd2 Rg8 28.Qe2 Kh7 29.Rb1 Rg7 30.Rf2 Qc8
31.Nf3 a4 32.Nh2 f5 33.Qd3 Kh8 34.Kh1 Bd8 35.Nf3 Bf6 36.Rfb2 Rg8 37.Rb7 Qf8
38.Qe2 Qg7 39.R1b6 Rac8 40.Qf2 Qg6 41.Ra7 Rg7 42.Rxa4 Rcg8 43.Rb2 Qh5 44.Qf1 Bh4
45.Ra6 Rc8 46.Rab6 Rgg8 47.a4 Rb8

[Event "1. Bundesliga 2010/2011"]
[Site "Graz"]
[Date "2010.11.20"]
[Round "2"]
[Board "4"]
[White "Weinzettl, Ernst"]
[Black "Kreisl, Robert"]
[Result "1-0"]
[WhiteElo "2330"]
[BlackElo "2394"]
[PlyCount "59"]
[EventDate "2010.11.19"]
[EventType "team"]
[EventRounds "11"]
[EventCountry "AUT"]
[WhiteTeam "ASVOE VHS Poechlarn"]
[BlackTeam "SK MPOE Maria Saal"]

1.e4 c6 2.d4 d5 3.exd5 cxd5 4.Bf4 Nc6 5.c3 Nf6 6.Bd3 Bg4 7.Nf3 Bxf3 8.Qxf3 e6
9.Nd2 Bd6 10.Bg3 a6 11.a4 Rb8 12.O-O O-O 13.Bh4 Be7 14.Rfe1 b5 15.axb5 axb5
16.b4 Ne8 17.Bxe7 Qxe7 18.Nb3 Nd6 19.Ra6 Rfc8 20.Nc5 Ra8 21.Rea1 Rxa6 22.Rxa6 g6
23.g3 Kg7 24.h4 h5 25.Qe2 Nc4 26.Bxc4 dxc4 27.Rb6 Qd6 28.Rxb5 Ne7 29.Rb7 Nd5
30.Rd7